Wszystkie miasta, przez które przepływa Wisła - Po kolei - Statystyki

Ogólne statystyki
  • Ten quiz został rozwiązany 5 razy
  • Średni wynik to 8 z 48
Statystyki odpowiedzi
Miasta % Poprawnych
Wisła
100%
Ustroń
75%
Czechowice-Dziedzice
50%
Gdańsk
50%
Skoczów
50%
Strumień
50%
Tczew
50%
Brzeszcze
25%
Gniew
25%
Józefów nad Wisłą
25%
Kraków
25%
Niepołomice
25%
Nowe
25%
Nowe Brzesko
25%
Nowy Korczyn
25%
Opatowiec
25%
Oświęcim
25%
Połaniec
25%
Sandomierz
25%
Skawina
25%
Szczucin
25%
Tarnobrzeg
25%
Zawichost
25%
Bieruń
0%
Bydgoszcz
0%
Chełmno
0%
Ciechocinek
0%
Czerwińsk nad Wisłą
0%
Dęblin
0%
Dobrzyń nad Wisłą
0%
Góra Kalwaria
0%
Grudziądz
0%
Józefów
0%
Karczew
0%
Kazimierz Dolny
0%
Łomianki
0%
Nieszawa
0%
Nowy Dwór Mazowiecki
0%
Otwock
0%
Płock
0%
Puławy
0%
Solec Kujawski
0%
Świecie
0%
Toruń
0%
Warszawa
0%
Włocławek
0%
Wyszogród
0%
Zakroczym
0%
Nie znaleziono quizów pasujących do podanych kryteriów
Rozkład punktacji
Procent ludzi z każdym wynikiem
Percentyl według liczby udzielonych odpowiedzi
Twoja historia wyników
Nie rozwiązałeś tego quizu